00405 2200145 4500001002100000005001500021035002000036245009100056100002000147300002300167260003300190082000600223084001200229020001800241INLIS00000000000004420220517082053 a0010-05220000441 aMatinya Burung-burun :bKumpulan Cerita Sangat Pendek Amerika Latin /cRonny Agustinus0 aRonny Agustinus a168 hlm. ;c20 cm. aJakarta :bMoka Media,c2015 aF aF RON m a9789797959838